Statistiques concernant Films avec un nombre dans leur titre

Cliquez ici pour prendre le quiz!

Statistiques générales

  • Ce quiz a été pris 1 562 fois
    (1 560 depuis la dernière actualisation)
  • Le résultat moyen est 8 sur 20

Statistiques - réponses

DescriptionFilm% Correct
Film humoristique des Inconnus.Les 3 frères
80%
Thriller de David Finscher où le meurtrier agit selon les péchés capitaux.Seven (Se7en)
77%
Ils sont onze malfrats et vont tenter de cambrioler les trois plus grands casinos de Las Vegas simultanément.Ocean's Eleven
71%
Film de science-fiction français de Luc Besson où le héros et une femme surhumaine tentent de sauver le Monde du Mal.Le cinquième élément
68%
Péplum de Zack Snyder où un petit groupe de spartiates combat l'armée Perse.300
65%
Thriller fantastique de M. Night Shyamalan où un enfant peut voir les morts.Sixième sens
65%
Adaptation de Franck Coraci d'un roman de Jules Verne mettant en scène Phileas Fogg.Le tour du monde en 80 jours
55%
Film d'horreur où la mère de Jason veut le venger en assassinant les moniteurs du camp où son fils s'est noyé vingt-et-un an auparavant...Vendredi 13
50%
Film racontant l'histoire de Moïse, premier prophète du judaïsme, et la libération de son peuple afin de le conduire à sa Terre promise.Les dix commandements
47%
Un Space-Opéra avec une intelligence artificielle sadique de Stanley Kubrick.2001, l'Odyssée de l'Espace
41%
Un film de Clint Eastwood avec une femme qui devient boxeuse et combat pour le titre de championne du monde.Million dollar baby
41%
L'équipage du vaisseau spatial Nostromo est réveillé de son hibernation au beau milieu de son voyage : de la Vie aurait été trouvée sur une planète proche. Ils vont l'explorer mais il semblerait qu'un passager supplémentaire se soit invité à bord...Alien, le huitième passager
31%
Le virus de la "Fureur" contamine les humains et les transforme en zombies... Trois survivants luttent ensemble pour leur vie dans un monde sans aucune loi.28 jours plus tard
24%
Film "autobiographique" de François Truffaut appartenant à la Nouvelle Vague dans lequel un enfant en manque d'affection sombre dans la délinquence...Les 400 coups
23%
Un virus mortel a ravagé le monde et contraint les quelques survivants à vivre sous terre. Des criminels sont envoyés dans le passé pour chercher l'origine du virus...L'armée des 12 singes
21%
Deuxième opus de Die Hard ; en anglais, Die Harder.58 minutes pour vivre
19%
Un groupe de surdoués emmené par leur professeur tentent d'établir une stratégie pour gagner à tous les coups au Blackjack.Las Vegas 21
18%
Après avoir lu un livre sur le détective meurtrier Petitou, un contrôleur animalier est obsédé par un nombre qui semble exercer un pouvoir particulier sur son existance...Le nombre 23
12%
Dans une société où les hommes sont devenus des robots à la vie monotone à cause des drogues obligatoires, un couple décide de s'enfuir de ce monde. Film de George Lucas.THX 1138
7%
Des criminels attaquent en région parisienne des transports de fonds avec des armes de guerres. Mais lorsqu'il y a une récompense à la clé, même à la police il n'y a aucune pitié et tous les moyens sont bons pour y arriver.36 quai des Orfèvres
3%

Distribution des résultats

Percentile par nombre de réponses

% des personnes avec chaque résultat

Votre développement - résultats

Vous n’avez pas pris ce quiz depuis la dernière actualisation